[Event "Barcelona Sants op-B 18th"]
[Site "Barcelona"]
[Date "2016.08.27"]
[Round "9"]
[White "Rodriguez Font, Roger"]
[Black "Fernandez Aguilar, Francisco"]
[Result "1-0"]
[WhiteElo "1963"]
[BlackElo "2051"]
[PlyCount "123"]
[EventDate "2016.08.19"]
[EventType "swiss"]
[EventRounds "10"]
[EventCountry "ESP"]
[SourceTitle "CBM 174 Extra"]
[Source "ChessBase"]
[SourceDate "2016.10.10"]
[SourceVersion "1"]
[SourceVersionDate "2016.10.10"]
[SourceQuality "1"]

1. e4 c5 2. Nf3 d6 3. d4 cxd4 4. Nxd4 Nf6 5. Nc3 g6 6. Be3 Bg7 7. f3 0-0 8. Qd2 Nc6 9. Bc4 Bd7 10. 0-0-0 Rb8 11. Bb3 Na5 12. Bh6 Bxh6 13. Qxh6 b5 14. g4 b4 15. Nd5 Nxb3+ 16. Nxb3 Nxd5 17. Rxd5 Be6 18. Rd2 Bxb3 19. cxb3 Qa5 20. Kb1 Rb6 21. Rd5 Rb5 22. Qg5 f5 23. Rxf5 Rbxf5 24. gxf5 e6 25. Qe7 exf5 26. Qe6+ Kg7 27. Qxd6 fxe4 28. fxe4 Qd8 29. e5 Qxd6 30. exd6 Rd8 31. Rd1 Kf6 32. Rd4 a5 33. Rd5 Ke6 34. Rxa5 Rxd6 35. Kc2 Rd4 36. Rg5 Rh4 37. Rg2 Kf6 38. a4 g5 39. Kd3 h6 40. Re2 Rf4 41. Re4 Rf2 42. Re2 Rf4 43. Re8 Kf7 44. Rb8 h5 45. Rb5 h4 46. Rxg5 Rf2 47. Re5 Rxh2 48. Kc4 Rxb2 49. Kxb4 Kf6 50. Re3 Rg2 51. a5 Rg3 52. Re2 h3 53. a6 Rg2 54. Re1 h2 55. Rh1 Ra2 56. Kb5 Ke5 57. b4 Kd5 58. Kb6 Kc4 59. b5 Rb2 60. Rc1+ Kb4 61. a7 Ra2 62. Rh1 1-0

[Event "Barcelona Sants op-B 18th"]
[Site "Barcelona"]
[Date "2016.08.26"]
[Round "8"]
[White "Rodriguez Font, Roger"]
[Black "Colom Andres, Xavier"]
[Result "1-0"]
[WhiteElo "1963"]
[BlackElo "1790"]
[PlyCount "105"]
[EventDate "2016.08.19"]
[EventType "swiss"]
[EventRounds "10"]
[EventCountry "ESP"]
[SourceTitle "CBM 174 Extra"]
[Source "ChessBase"]
[SourceDate "2016.10.10"]
[SourceVersion "1"]
[SourceVersionDate "2016.10.10"]
[SourceQuality "1"]

1. e4 c6 2. d4 d5 3. f3 e6 4. Nc3 Bb4 5. Bf4 Ne7 6. Nge2 Ng6 7. Bg3 b6 8. h4 h5 9. Nf4 Nxf4 10. Bxf4 Ba6 11. Bd3 Bxd3 12. Qxd3 Bd6 13. Bxd6 Qxd6 14. 0-0-0 Nd7 15. Kb1 0-0-0 16. e5 Qe7 17. Qa6+ Kb8 18. Ne2 Ka8 19. f4 g6 20. Rh3 Nb8 21. Qa3 Rd7 22. Qxe7 Rxe7 23. b4 Rc8 24. a3 b5 25. Nc1 Nd7 26. Nb3 Nb6 27. Na5 Nc4 28. Nxc4 bxc4 29. c3 a5 30. Kc2 Rb7 31. Rhh1 Rcb8 32. Ra1 a4 33. g4 Rh8 34. f5 Rbb8 35. fxg6 fxg6 36. g5 Rhf8 37. Rhf1 Kb7 38. Rf6 Rxf6 39. gxf6 Kc7 40. Rg1 Rg8 41. Kd2 Kd7 42. Ke3 Ke8 43. b5 cxb5 44. Rb1 g5 45. Rxb5 g4 46. Rb7 Kf8 47. Kf2 g3+ 48. Kg2 Rg4 49. Re7 Re4 50. Rxe6 Re3 51. Ra6 Rxc3 52. e6 Kg8 53. Ra8+ 1-0

[Event "Zaragoza Verano op A 1st"]
[Site "Zaragoza"]
[Date "2015.07.31"]
[Round "3.1"]
[White "Fernandez Rivera, Igor"]
[Black "Rodriguez Font, Roger"]
[Result "1-0"]
[WhiteElo "1856"]
[BlackElo "2002"]
[PlyCount "59"]
[EventDate "2015.07.31"]
[EventType "swiss"]
[EventRounds "9"]
[EventCountry "ESP"]
[SourceTitle "EXT 2024"]
[Source "ChessBase"]
[SourceDate "2023.10.10"]
[SourceVersion "1"]
[SourceVersionDate "2023.10.10"]
[SourceQuality "1"]

1. e4 e6 2. d3 d5 3. Nd2 Nf6 4. Ngf3 Nc6 5. Be2 a5 6. 0-0 Bc5 7. c3 h6 8. e5 Nd7 9. d4 Bb6 10. Ne1 0-0 11. f4 f6 12. Ndf3 fxe5 13. fxe5 Ndxe5 14. Kh1 Nd7 15. Nd3 Qe7 16. Nde5 Ncxe5 17. dxe5 c5 18. Qe1 Bc7 19. Qg3 Nxe5 20. Nxe5 Rxf1+ 21. Bxf1 Qf6 22. Bf4 g5 23. Nd7 Qxf4 24. Qxf4 gxf4 25. Nxc5 b6 26. Nb3 e5 27. c4 Be6 28. cxd5 Bxd5 29. Rd1 Rd8 30. Rxd5 1-0